| 000 | 01470nab a2200337 a 4500 | ||
|---|---|---|---|
| 005 | 20210219162246.0 | ||
| 008 | 991125s1985 mx 000 0 spa u | ||
| 035 | _aUPN01000200710 | ||
| 049 | _aART-E | ||
| 100 | 1 | _aMallén Broch, Francisco Fermín | |
| 100 | 1 | _ufmallen@uji.es | |
| 100 | 1 | _aDomínguez Escrig, Emilio | |
| 100 | 1 | _uedomingu@uji.es | |
| 222 | 0 | 0 |
_aEDUTEC : _bREVISTA ELECTRONICA DE TECNOLOGIA EDUCATIVA |
| 245 | 0 | 0 | _aAcciones para la mejora del rendimiento académico a través de la autoevaluación en el aula virtual. |
| 260 | _aEspaña | ||
| 300 | _a1-12 | ||
| 362 | 0 | _a2014 No. 48, jun. | |
| 520 | 3 | _aEste artículo presenta una experiencia de innovación docente que intenta favorecer la autoevaluación entre el alumnado a través de la utilización de cuestionarios en el aula virtual. El objetivo de este proyecto es medir la comprensión de los contenidos y los objetivos de una asignatura, resolver dificultades que aparecen en el proceso de aprendizaje y mejorar las tasas de rendimiento académico. | |
| 653 | 0 | _aAUTOEVALUACION | |
| 653 | 0 | _aINNOVACION DOCENTE | |
| 653 | 0 | _aMOODLE | |
| 653 | 0 | _aCUESTIONARIOS | |
| 653 | 0 | _aTEST DE RESPUESTA MULTIPLE | |
| 856 | 4 | _uhttp://edutec.rediris.es/Revelec2/Revelec48/pdf/Edutec-e_n48_Mallen-Dominguez.pdf | |
| 905 | _aArticulo | ||
| 336 | _atexto$2rdacontent | ||
| 337 | _acomputadora$2rdamedia | ||
| 338 | _arecurso en linea$2rdacarrier | ||
| 999 |
_c172811 _d172811 |
||